1007 GRE Practice Questions (Record no. 154899)

MARC details
000 -LEADER
fixed length control field 00274nam a2200109Ia 4500
008 - FIXED-LENGTH DATA ELEMENTS--GENERAL INFORMATION
fixed length control field 230302s9999 xx 000 0 und d
082 ## - DEWEY DECIMAL CLASSIFICATION NUMBER
Classification number 371.262'PIE
100 ## - MAIN ENTRY--PERSONAL NAME
Personal name SELTZER (Neill)
245 ## - TITLE STATEMENT
Title 1007 GRE Practice Questions
260 ## - PUBLICATION, DISTRIBUTION, ETC.
Place of publication, distribution, etc. NEW YORK
Name of publisher, distributor, etc. RANDOM HOUSE
365 ## - TRADE PRICE
Currency code RS
Holdings
Withdrawn status Lost status Damaged status Not for loan Home library Current library Date acquired Cost, normal purchase price Total Checkouts Full call number Barcode Date last seen Price effective from Koha item type
        College of Engineering, New Delhi College of Engineering, New Delhi 03/03/2023 799.00   371.262'PIE ECD-MB9199 03/03/2023 03/03/2023 Book